00530cam a2200169ua 45000010005000000080039000050200018000440400009000620410008000710820010000791000033000892450129001222500012002512600046002633000010003096530041003199561160218n ii |||gr||||Z||||||eng a9789350741566 cMAIN aeng a907.2 aSarkar, Anil Kumar,eAuthor.1 aHistorians and historiography of Bengal and North East India : bdimensions and perspectives / ced. by Anil Kumar Sarkar .  a1st ed. aNew Delhi:bAbhijeet publications,c2015. a290p. aEducation, research & related topics